Normal view
MARC view
- Hammond,T.Thomas
Entry Personal Name
001 - CONTROL NUMBER
- control field: 90567
003 - CONTROL NUMBER IDENTIFIER
- control field: NUST
005 - DATE AND TIME OF LATEST TRANSACTION
- control field: 20220311105231.0
008 - FIXED-LENGTH DATA ELEMENTS
- fixed length control field: 220311|| aca||aabn | a|a d
040 ## - CATALOGING SOURCE
- Original cataloging agency: NUST
- Transcribing agency: NUST
100 ## - HEADING--PERSONAL NAME
- Personal name: Hammond,T.Thomas
670 ## - SOURCE DATA FOUND
- Source citation: Work cat.: (NUST): Hammond,T.Thomas., Red Flag Over Afghanistan:, 1984
